| 000 | 00780nam a2200193Ia 4500 | ||
|---|---|---|---|
| 003 | 0 | ||
| 005 | 20250131093724.0 | ||
| 008 | 150126s9999 xx 000 0 und d | ||
| 050 |
_aPHS SB 299.C6 _b.An635 2014 |
||
| 100 | _aAntonio, Sean Marco S. | ||
| 245 | 4 |
_aThe effect of amount of coconut husk charcoal on the adsorption of copper in copper sulfate solution / _cSean Marco S. Antonio. |
|
| 260 |
_aLas PiƱas City, Philippines : _bSouthville International School and Colleges, _c2014. |
||
| 300 |
_a19 pages : _billustration ; _c28 cm. |
||
| 504 | _aIncludes bibliographical references. | ||
| 650 |
_aCoconut husk _vIndustrial applications. |
||
| 650 |
_aCharcoal _vAdsorption properties. |
||
| 650 |
_aEnvironmental remediation _vBiosorption techniques. |
||
| 942 |
_2lcc _cPASS |
||
| 999 |
_c278665 _d278665 |
||